• 首页
  • 本馆介绍
  • 公告通知
  • 最新文献
  • 馆藏检索
  • 电子资源
  • 读者导购
  • 参考咨询
  • 我的图书馆
  • 登录
  • 详细信息显示
  • 放入我的书架
  • 预约/预借图书
  • 作者相关作品
  • 分类相关作品
  • 丛书相关作品
  • 出版社相关作品

书目信息

  • 表格格式
  • 工作单格式
  • 卡片格式
题名:
乐谭
    
 
作者: ;中国民族管弦乐学会 编
分册: 第四集   “新绎杯”中国民族管弦乐(室内乐)获奖作品评析
出版信息: 北京   人民音乐出版社  2016.04
页数: 10,317页
开本: 22cm
丛书名:
单 册:
中图分类: J632.617
科图分类:
主题词: 管弦乐--民族器乐曲--音乐欣赏--中国--现代
电子资源:
ISBN: 978-7-103-05121-4
000 01054nam0 2200265 450
001 002786648
005 20170418153247.31
010    @a978-7-103-05121-4@b精装@dCNY95.00
039    @aA310000SHL@bUCS01002786648@c01002016014379
100    @a20160802d2016 em y0chiy50 ea
101 0  @achi
102    @aCN@b110000
105    @aagf z 000yy
106    @ar
200 1  @a乐谭@9yue tan@i“新绎杯”中国民族管弦乐(室内乐)获奖作品评析@h第四集@f中国民族管弦乐学会编
210    @a北京@c人民音乐出版社@d2016.04
215    @a10,317页@c图,照片@d22cm
300    @a第四届“华乐论坛”暨“新绎杯”中国民族管弦乐(室内乐)作品评奖
330    @a本书收录了第四届“华乐论坛”暨“新绎杯”中国民族管弦乐(室内乐)获奖人的创作自述、心得、对中国音乐创作的客观思考以及多位评论家对每部作品的深入剖析和客观评价。
333    @a乐器爱好者
606 0  @a管弦乐@x民族器乐曲@x音乐欣赏@y中国@z现代
690    @aJ632.617@v5
711 02 @a中国民族管弦乐学会@9zhong guo min zu guan xian yue xue hui@4编
801  0 @aCN@b人天书店@c20160802
905    @b987188-90@dJ632.617@e117:4@f3
    
    乐谭.“新绎杯”中国民族管弦乐(室内乐)获奖作品评析.第四集/中国民族管弦乐学会编.-北京:人民音乐出版社,2016.04
    10,317页:图,照片;22cm
    第四届“华乐论坛”暨“新绎杯”中国民族管弦乐(室内乐)作品评奖.-使用对象:乐器爱好者
    
    ISBN 978-7-103-05121-4(精装):CNY95.00
    本书收录了第四届“华乐论坛”暨“新绎杯”中国民族管弦乐(室内乐)获奖人的创作自述、心得、对中国音乐创作的客观思考以及多位评论家对每部作品的深入剖析和客观评价。
●
相关链接 在E读中查询图书 在五车中查询图书 在当当中查询图书 在豆瓣中查询图书


正题名:乐谭     索取号:J632.617/117:4         预约/预借

序号 登录号 条形码 馆藏地/架位号 状态 备注
1 987188   209871888   第一样本阅览室/ [索取号:J632.617/117:4] 在馆    
2 987189   209871897   第一借阅区/ [索取号:J632.617/117:4] 在馆    
3 987190   209871904   第一借阅区/ [索取号:J632.617/117:4] 在馆    
唐山师范学院图书馆 欢迎您!
大连网信软件有限公司© 版权所有